| 000 | 00686nam a22002055i 4500 | ||
|---|---|---|---|
| 001 | 178362 | ||
| 003 | ES-MaACL | ||
| 005 | 20251002203109.0 | ||
| 008 | 110526s1970 sp |||| | spa d | ||
| 080 | _a929 Pérez del Pulgar, Hernán | ||
| 245 | 0 | 0 | _aPulgar, el de las hazañas. |
| 260 |
_aMadrid : _bDelblan, _cD. L. 1970. |
||
| 300 |
_a16 p. ; _c16 cm. |
||
| 490 | 1 |
_aMosaico cultural. Los grandes capitanes ; _v14 |
|
| 500 | _aEncuadernado con otros títulos. | ||
| 600 | 1 | 7 |
_aPérez del Pulgar, Hernán, _d1451-1531 _2 _9151378 |
| 830 | 0 |
_aMosaico cultural. Los grandes capitanes ; _v14 _9190913 |
|
| 852 |
_aES-MaACL _jE-15197 (14) _xOlim P-1923 |
||
| 999 |
_c178362 _d178362 |
||